Top 20 des villes les plus peuplées des Etats-Unis - Statistiques

Statistiques générales
  • Ce quiz a été pris 181 fois
  • Le résultat moyen est 12 sur 20
Statistiques - réponses
Hint Réponse % Correct
8 804 190 habitants (New York) New York
99%
3 893 986 habitants (Californie) Los Angeles
98%
2 747 231 habitants (Illinois) Chicago
88%
873 965 habitants (Californie) San Francisco
77%
1 304 442 habitants (Texas) Dallas
75%
2 302 792 habitants (Texas) Houston
74%
735 157 habitants (Washington) Seattle
64%
715 522 habitants (Colorado) Denver
63%
1 607 739 habitants (Arizona) Phoenix
59%
1 385 922 habitants (Californie) San Diego
58%
959 549 habitants (Texas) Austin
54%
1 434 270 habitants (Texas) San Antonio
54%
887 752 habitants (Indiana) Indianapolis
51%
1 603 797 habitants (Pennsylvanie) Philadelphie
51%
689 545 habitants (District de Columbia) Washington DC
49%
874 541 habitants (Caroline du Nord) Charlotte
36%
1 014 545 habitants (Californie) San José
33%
949 577 habitants (Floride) Jacksonville
32%
905 672 habitants (Ohio) Columbus
20%
918 377 habitants (Texas) Fort Whorth
19%
Aucun quiz correspondant
Distribution des résultats
% des personnes avec chaque résultat
Percentile par nombre de réponses
Votre historique - résultats
Vous n’avez pas pris ce quiz